Statistics for Sitcom by Characters #1

Click here to take the quiz!

General Stats

  • This quiz has been taken 45 times
  • The average score is 6 of 10

Answer Stats

HintAnswer% Correct
Homer, Lisa, MargeThe Simpsons
100%
Rachel, Phoebe, JoeyFriends
98%
Sheldon, Penny, LeonardThe Big Bang Theory
95%
Jerry, Kramer, GeorgeSeinfeld
83%
Ted, Robin, LilyHow I Met Your Mother
71%
Frasier, Diane, SamCheers
69%
Al, Peggy, KellyMarried With Children
64%
Tobias, Maebe, GobArrested Development
24%
Larry, Jeff, CherylCurb Your Enthusiasm
24%
Mac, Charlie, FrankIt's Always Sunny in Philadelphia
17%

Score Distribution

Percentile by Number Answered

Percent of People with Each Score

Your Score History

You have not taken this quiz